LEADER 01954nam 2200349 n 450 001 9910598010303321 005 20230325103941.0 035 $a(CKB)3710000000987293 035 $a(NjHacI)993710000000987293 035 $a(EXLCZ)993710000000987293 100 $a20230325d2016 uu 0 101 0 $aeng 135 $aur||||||||||| 181 $ctxt$2rdacontent 182 $cc$2rdamedia 183 $acr$2rdacarrier 200 00$aAdolescent Pregnancy $ePast, Present and Future Trends and Issues /$fedited by Naomi Farber 210 1$a[Place of publication not identified] :$cMultidisciplinary Digital Publishing Institute,$d2016. 215 $a1 online resource (x, 172 pages) 311 $a3-03842-294-0 330 $aThis collection provides a forum for leading scholars to examine theoretical insights and empirical findings associated with the recent decline in adolescent pregnancy and childbearing internationally, with special attention given to the United States. This recent shift in the incidence of adolescent fertility is notable in its consistency and magnitude; at the same time, however, continuing historic disparities require focused attention on the contemporary meaning of early childbearing in the U.S. as well as across the globe. The widely interdisciplinary contributions focus on demographic trends in adolescent fertility; successful intervention approaches and major "lessons learned" regarding primary pregnancy prevention; identification of key theoretical issues associated with these trends, with particular focus on the existence and meaning of disparities and their implications for youth development and wellbeing. 517 $aAdolescent Pregnancy 606 $aPregnancy 615 0$aPregnancy. 676 $a618.2 702 $aFarber$b Naomi 801 0$bNjHacI 801 1$bNjHacl 906 $aBOOK 912 $a9910598010303321 996 $aAdolescent Pregnancy$93086096 997 $aUNINA LEADER 02710nam2 22005413i 450 001 VAN00298194 005 20260306125705.899 017 70$2N$a9783662062180 100 $a20250915d1998 |0itac50 ba 101 $aeng 102 $aDE 105 $a|||| ||||| 181 $ai$b e 182 $ab 183 $acr 200 1 $aˆ2: ‰Variational integrals$fMariano Giaquinta, Giuseppe Modica, Jiri Soucek 210 $aBerlin$aHeidelberg$cSpringer$d1998 215 $aXXIV, 697 p.$d24 cm 410 1$1001VAN00057218$12001 $aErgebnisse der Mathematik und ihrer Grenzgebiete, 3. Folge, A series of modern surveys in mathematics$1210 $aBerlin [etc.]$cSpringer$d1983-$v38 461 1$1001VAN00302908$12001 $aCartesian currents in the calculus of variations$fMariano Giaquinta, Giuseppe Modica, Jiri Soucek$1210 $aBerlin$aHeidelberg$cSpringer$d1998$1215 $a2 volumi$d24 cm$v2 606 $a26B30$xAbsolutely continuous real functions of several variables, functions of bounded variation [MSC 2020]$3VANC026832$2MF 606 $a49-XX$xCalculus of variations and optimal control; optimization [MSC 2020]$3VANC019757$2MF 606 $a49Q15$xGeometric measure and integration theory, integral and normal currents in optimization [MSC 2020]$3VANC028796$2MF 606 $a49Q20$xVariational problems in a geometric measure-theoretic setting [MSC 2020]$3VANC020795$2MF 606 $a58E20$xHarmonic maps, etc. [MSC 2020]$3VANC019783$2MF 606 $a74B20$xNonlinear elasticity [MSC 2020]$3VANC021528$2MF 606 $a76A15$xLiquid crystals [MSC 2020]$3VANC032921$2MF 610 $aCalculus of variations$9KW:K 610 $aGeometric measure theory$9KW:K 610 $aHarmonic mappings$9KW:K 610 $aMinimal Surfaces$9KW:K 610 $aNonlinear elasticity$9KW:K 610 $aVolume$9KW:K 610 $aWeakly differentiable maps$9KW:K 620 $dBerlin$3VANL000066 620 $aDE$dHeidelberg$3VANL000282 700 1$aGiaquinta$bMariano$3VANV039752$042383 701 1$aModica$bGiuseppe$3VANV039753$056742 701 1$aSoucek$bJiri$3VANV039754$055344 712 $aSpringer $3VANV108073$4650 801 $aIT$bSOL$c20260313$gRICA 856 4 $uhttps://doi.org/10.1007/978-3-662-06218-0$zE-book ? Accesso al full-text attraverso riconoscimento IP di Ateneo, proxy e/o Shibboleth 899 $aBIBLIOTECA DEL DIPARTIMENTO DI MATEMATICA E FISICA$1IT-CE0120$2VAN08 912 $fN 912 $aVAN00298194 950 $aBIBLIOTECA DEL DIPARTIMENTO DI MATEMATICA E FISICA$d08DLOAD e-Book 12665 $e08eMF12665 20251024 996 $aVariational integrals$93639875 997 $aUNICAMPANIA